000 00349nam a2200133Ia 4500
008 240624s9999 xx 000 0 und d
041 _aeng
082 _a658.4063 DRU
100 _aDRU JEAN MARIE
245 _aWAYS TO NEW 15 PATHS TO DISRUPTIVE INNOV
260 _c2015
_aNew Jersey
_bWiley
300 _axii, : 196 : p. : cm. ; 23
365 _c
_b30
999 _c26895
_d26895